Nonprofit and voluntary sector quarterly.

Bibliographic Details
Previous Title:Journal of voluntary action research
Corporate Authors: Association of Voluntary Action Scholars (U.S.), Association for Research on Nonprofit Organizations and Voluntary Action
Format: Journal
Language:English
Published: San Francisco, CA : Jossey-Bass, [1989-]
Subjects:
Online Availability: Check for online availability

MARC

Tag First Indicator Second Indicator Subfields
LEADER 00000cas a2200000 a 4500
001 in00001833713
005 20151026053447.0
008 880714c19899999cauqr1p 0 a0eng d
010 |a  89657278   |z sn 88002181  
016 7 |a 9886050  |2 DNLM 
016 7 |a SR0073323  |2 DNLM 
022 0 |a 0899-7640 
030 |a NVSQEQ 
035 |a (OCoLC)ocm18212349 
037 |b Sage Publications, Inc., 2455 Teller Rd., Thousand Oaks, CA 91320 
040 |a NSD  |c NSD  |d CAS  |d DLC  |d COO  |d OCL  |d AGL  |d NSD  |d FUG  |d DLC  |d EYM  |d NST  |d HUL  |d IUL  |d NST  |d AGL  |d NST  |d DLC  |d NST  |d HUL  |d WAU  |d SYS  |d OCL  |d NLM  |d OCLCQ  |d UtOrBLW 
042 |a nsdp  |a lc 
043 |a n-us--- 
049 |a TXAM 
050 0 0 |a HV1  |b .J63 
070 0 |a HV40.J68 
072 0 |a X800 
082 0 0 |a 361.7/05  |2 20 
210 0 |a Nonprofit volunt. sect. q. 
222 0 |a Nonprofit and voluntary sector quarterly 
245 0 0 |a Nonprofit and voluntary sector quarterly. 
264 1 |a San Francisco, CA :  |b Jossey-Bass,  |c [1989-] 
264 4 |c ©1989- 
300 |a volumes ;  |c 23 cm. 
310 |a Quarterly 
336 |a text  |b txt  |2 rdacontent 
337 |a unmediated  |b n  |2 rdamedia 
338 |a volume  |b nc  |2 rdacarrier 
362 0 |a Vol. 18, no. 1 (spring 1989)- 
500 |a Title from cover. 
500 |a Published by: Sage Publications, Inc., <1998-> 
500 |a Latest issue consulted: Volume 28, number 4 (Dec. 1999). 
525 |a Has occasional supplements. 
530 |a Also available via World Wide Web;  |b OCLC FirstSearch Electronic Collections Online;  |c Subscription required for access to abstracts and full text. 
550 |a Sponsored by the Association of Voluntary Action Scholars, 1989- ; by: Association for Research on Nonprofit Organizations and Voluntary Action, winter 1990-<1999>; and by: Program on Non-Profit Organizations, Yale University, <Mar.>-June 1998. 
650 0 |a Human services  |v Periodicals. 
650 0 |a Voluntarism  |v Periodicals. 
650 0 |a Nonprofit organizations  |v Periodicals. 
650 0 |a Human services  |z United States  |v Periodicals. 
710 2 |a Association of Voluntary Action Scholars (U.S.) 
710 2 |a Association for Research on Nonprofit Organizations and Voluntary Action. 
776 1 |t Nonprofit and voluntary sector quarterly (Online)  |w (OCoLC)48873903 
780 0 0 |t Journal of voluntary action research  |x 0094-0607  |w (DLC) 74644077  |w (OCoLC)1793543 
850 |a AU  |a ArU  |a AzTeS  |a CSt  |a CU-SB  |a CaNSHD  |a CaOONL  |a DLC  |a DNAL  |a DeU  |a FU  |a GASU  |a IaAS  |a IaU  |a InLP  |a InU  |a KMK  |a MH  |a MH-BA  |a MdBJ  |a MdU  |a MiDW  |a MiEM  |a MiU  |a MoU  |a NCH  |a NIC  |a NN  |a NSyU  |a NcD  |a OU  |a OrCS  |a OrU  |a PU  |a TU  |a ViBlbV  |a WaU 
891 0 0 |9 853  |8 1  |a v.  |b no.  |i (year)  |j (season) 
891 4 0 |9 863  |8 1  |a <18>  |b <1>-  |i <1989>  |j <spring>-  |x provisional 
891 0 0 |9 853  |8 2  |a v.  |b no.  |i (year)  |j (month) 
891 4 0 |9 863  |8 2  |a <25>-  |i <1996>-  |x provisional 
994 |a E0  |b TXA 
999 |a MARS 
999 f f |s 53cc372d-2a59-3206-bb00-a52aa4d297c9  |i 9022cb7e-64cb-3e0f-9aed-6ebadeafec91  |t 0 
952 f f |p ric  |a Texas A&M University  |b Rellis Campus  |c Joint Library Facility  |d Remote Storage  |t 0  |e HV1 .J63  |h Library of Congress classification  |i unmediated -- volume  |k v.33:no.1-3  |l 2004:Mar.-Sept.  |m A14833437534 
998 f f |a HV1 .J63  |s v.33:no.1-3 (2004:Mar.-Sept.)  |t 0  |l Remote Storage